Missing Word: Play Away Quiz Stats

 Plays Quiz Updated Jan 5, 2018

Challenge
Share
Tweet
Embed
Score 0/16 Timer 03:00
1 Play Today
Movie Missing Word % Correct
Fifty Shades of ____Grey
98.8%
Don't ___ a WordSay
96.7%
Child's _____Play
96.5%
As I ___ DyingLay
93.8%
Harold & Kumar Escape From Guantanamo ___Bay
93.6%
Knight and ___Day
93.4%
Eat, ____, LovePray
92.7%
___ It ForwardPay
89.7%
Movie Missing Word % Correct
Carlito's ___Way
86.7%
The ___ DivorceeGay
77.9%
Seven Days in ___May
77.7%
___ & Silent Bob Strike BackJay
75.3%
If I ____Stay
62%
____ PigeonsClay
58.6%
____ LiveThey
22.1%
____ of the ChameleonPrey
17.6%

Today's Daily Dose

Missing Word
Witch Songs

Word Ladder
Alabama

Quick Pick
Fanta Flavors

On This Day
October 15th II

You're not logged in!

Compare scores with friends on all Sporcle quizzes.
Join for Free
OR
Log In

You Might Also Like...

Show Comments

Extras

Top Quizzes Today


Score Distribution

Your Account Isn't Verified!

In order to create a playlist on Sporcle, you need to verify the email address you used during registration. Go to your Sporcle Settings to finish the process.

Report this User

Report this user for behavior that violates our Community Guidelines.

Details: